Most Recent Best Picture Winners (A-Z) Quiz Stats

Quiz Updated Mar 5, 2018

Challenge
Share
Tweet
Embed
Score 0/22 Timer 05:00
0 Plays Today
Letter Movie Title % Correct
AArgo
74.3%
CCrash
65.1%
SThe Shape of Water
63.3%
MMoonlight
61.8%
TTitanic
61.1%
BBirdman or (The Unexpected Virtue of Ignorance)
60.4%
#12 Years a Slave
56.9%
HThe Hurt Locker
56.5%
KThe King's Speech
55%
FForrest Gump
52.9%
GGladiator
52.8%
Letter Movie Title % Correct
DThe Departed
51.3%
NNo Country For Old Men
50.5%
LLord of the Rings: The Return of the King
49.7%
UUnforgiven
44.9%
EThe English Patient
37.8%
PPlatoon
33.5%
RRain Man
31.5%
OOut of Africa
31.4%
WWest Side Story
21.6%
YYou Can't Take It With You
21.1%
IIn the Heat of the Night
20.5%

You're not logged in!

Compare scores with friends on all Sporcle quizzes.
Sign Up with Email
OR
Log In

You Might Also Like...

Show Comments

Extras

Top Quizzes Today


Score Distribution

Your Account Isn't Verified!

In order to create a playlist on Sporcle, you need to verify the email address you used during registration. Go to your Sporcle Settings to finish the process.

Report this User

Report this user for behavior that violates our Community Guidelines.

Details: